000 00759cab a2200253 4500
001 WB3437-23
008 090401t1998 xxu||||| |||| 00| 0 eng d
035 _a(Sirsi) u88721
041 _aeng
245 _aNursing old hospitals into life
260 _c1998
350 _a0
490 _aIndependent
_v26 September 1998, 2.11(2)
520 _aRedundant hospitals are becoming increasingly popular with developers seeking property to convert into residential premises. Examples.
650 _aHOSPITAL BUILDINGS
650 _aHOSPITALS
650 _aREDEVELOPMENT
650 _aREDUNDANT BUILDINGS
650 _aREDUNDANT HOSPITALS
650 _aRESIDENTIAL CONVERSIONS
690 _aHOUSING-DEVELOPMENT
942 _n0
948 _c29/09/1998
999 _c56084
_d56084